I novissimi meditati innanzi a Gesù Eucaristico. (Record n. 37511)
[ formato base ]
| 000 -LEADER | |
|---|---|
| fixed length control field | 00644nam a22001697a 4500 |
| 003 - CONTROL NUMBER IDENTIFIER | |
| control field | IT-RoPau |
| 005 - DATE AND TIME OF LATEST TRANSACTION | |
| control field | 20220918175935.0 |
| 008 - FIXED-LENGTH DATA ELEMENTS--GENERAL INFORMATION | |
| fixed length control field | 121114b xxu||||| |||| 00| 0 eng d |
| 040 ## - CATALOGING SOURCE | |
| Transcribing agency | IT-RoPau |
| 100 ## - MAIN ENTRY--PERSONAL NAME | |
| Personal name | Alberione Giacomo |
| Fuller form of name | SSP |
| 9 (RLIN) | 14 |
| 245 ## - TITLE STATEMENT | |
| Title | I novissimi meditati innanzi a Gesù Eucaristico. |
| Remainder of title | In omnibus operibus tuis memorare novissima tua; et in aeternum nos peccabis |
| 250 ## - EDITION STATEMENT | |
| Edition statement | Ristampa |
| 260 ## - PUBLICATION, DISTRIBUTION, ETC. (IMPRINT) | |
| Place of publication, distribution, etc. | Albano (Roma) |
| Name of publisher, distributor, etc. | Pia Società San Paolo |
| Date of publication, distribution, etc. | 1955 |
| 300 ## - PHYSICAL DESCRIPTION | |
| Extent | 330 p. |
| Dimensions | 17,5 cm |
| 520 ## - SUMMARY, ETC. | |
| Summary, etc. | INDICE<br/>Prefazione;<br/>La morte;<br/>Il giudizio particolare;<br/>Il Purgatorio;<br/>Il Paradiso;<br/>L'Inferno;<br/>Il giudizio universale. |
| 942 ## - ADDED ENTRY ELEMENTS (KOHA) | |
| Source of classification or shelving scheme | Dewey Decimal Classification |
| Koha item type | LIBRO |
| Withdrawn status | Lost status | Source of classification or shelving scheme | Damaged status | Not for loan | Home library | Current library | Date acquired | Total Checkouts | Full call number | Date last seen | Price effective from | Koha item type |
|---|---|---|---|---|---|---|---|---|---|---|---|---|
| Dewey Decimal Classification | Buone Condizioni | Not For Loan | PAULUS-BIBLIOTECA | PAULUS-BIBLIOTECA | 14/11/2012 | P A2 | 14/11/2012 | 14/11/2012 | LIBRO |